[Event "Ave-Kontakt Cup IMB"]
[Site "Olomouc CZE"]
[Date "2005.08.10"]
[Round "10"]
[White "Camarena Gimenez,R"]
[Black "Treybal,D"]
[Result "1-0"]
[WhiteElo "2374"]
[BlackElo "2236"]

1.d4 Nf6 2.c4 g6 3.Nc3 Bg7 4.e4 d6 5.Nf3 O-O 6.Be2 e5 7.O-O Nc6 8.d5 Ne7
9.Bg5 h6 10.Bxf6 Bxf6 11.b4 Bg7 12.c5 f5 13.Nd2 fxe4 14.Ndxe4 Nf5 15.Bg4 Rf7
16.a4 Bf8 17.a5 Nd4 18.f4 Bg7 19.Bxc8 Rxc8 20.Qg4 exf4 21.Qxg6 f3 22.Rad1 Kf8
23.Rd3 Qd7 24.gxf3 Nf5 25.Ng3 Nxg3 26.hxg3 Re8 27.Ne4 Qb5 28.Rfd1 Qxb4 29.cxd6 Qxa5
30.dxc7 Rxc7 31.d6 Rf7 32.Kg2 Qf5 33.Qxf5 Rxf5 34.d7 Rd8 35.Nd6  1-0

[Event "15th ch-SLO"]
[Site "Ptuj SLO"]
[Date "2005.08.12"]
[Round "1"]
[White "Jelen,Ig"]
[Black "Grobovsek,I"]
[Result "0-1"]
[WhiteElo "2334"]
[BlackElo "2000"]

1.d4 Nf6 2.c4 d6 3.Nc3 g6 4.e4 Bg7 5.Nf3 O-O 6.Be2 e5 7.O-O Nc6 8.d5 Ne7
9.b4 a5 10.Ba3 axb4 11.Bxb4 b6 12.a4 Bd7 13.Qc2 Nh5 14.a5 bxa5 15.Bxa5 f5
16.c5 Rxa5 17.Rxa5 fxe4 18.Nd2 Nf4 19.Ndxe4 Nf5 20.Rfa1 Nd4 21.Qd1 Bf5 22.Bf1 Qh4
23.cxd6 cxd6 24.Ra8 Nh3+ 25.gxh3 Bxe4 26.Nxe4 Qxe4 27.Rxf8+ Bxf8 28.Bg2 Qf4
29.Qd3 Nf5 30.Rd1 Qg5 31.Qe4 h5 32.Kh1 Kh7 33.Bf1 Be7 34.Bd3 Nh4 35.Rf1 Bf6
36.Qe3 Qg2+  0-1

[Event "14th Open"]
[Site "Kavala GRE"]
[Date "2005.08.13"]
[Round "2"]
[White "Pantovic,D"]
[Black "Banikas,H"]
[Result "0-1"]
[WhiteElo "2153"]
[BlackElo "2548"]

1.d4 Nf6 2.Nf3 g6 3.c4 Bg7 4.Nc3 O-O 5.e4 d6 6.Be2 e5 7.O-O Nc6 8.Be3 exd4
9.Nxd4 Re8 10.f3 Nh5 11.Qd2 f5 12.Nxc6 bxc6 13.Bg5 Qd7 14.Rae1 Qf7 15.exf5 gxf5
16.f4 Bd7 17.Bf3 Rxe1 18.Rxe1 Re8 19.Rxe8+ Qxe8 20.Bh4 Nf6 21.Bf2 c5 22.Qd3 Ng4
23.Bxg4 fxg4 24.b3 Qf7 25.Be3 Bf5 26.Qd2 h5 27.Qe1 Qe6 28.Nb5 c6 29.Nxa7 Bd4
30.Kf2 h4 31.g3 hxg3+ 32.hxg3 Bxe3+ 33.Qxe3 Qd7 34.a4 Qxa7 35.Qe8+ Kg7 36.Qd8 Qd7
37.Qg5+ Kf7 38.a5 d5 39.cxd5 Qxd5 40.Qh5+ Ke7 41.Qg5+ Ke8 42.Qh5+ Kd7  0-1

[Event "HZ Open"]
[Site "Vlissingen NED"]
[Date "2005.08.13"]
[Round "8"]
[White "Becker,Mart"]
[Black "Van Hoeve,A"]
[Result "1-0"]
[WhiteElo "2310"]
[BlackElo "2173"]

1.d4 Nf6 2.c4 g6 3.Nc3 Bg7 4.e4 d6 5.Be2 O-O 6.Nf3 e5 7.O-O Nc6 8.d5 Ne7
9.Ne1 Nd7 10.Be3 f5 11.f3 f4 12.Bf2 g5 13.Rc1 Rf7 14.c5 Nf6 15.cxd6 cxd6
16.Nb5 Ng6 17.Nxa7 g4 18.Nxc8 Rxc8 19.Rxc8 Qxc8 20.Bb6 h5 21.Qc2 Qd7 22.a4 h4
23.Bb5 Qe7 24.Qc8+ Kh7 25.Qd8 h3 26.Qxe7 Rxe7 27.Be2 Re8 28.gxh3 gxf3 29.Bxf3 Nh4
30.Be2 Rc8 31.Bd3 Nd7 32.Bf2 Ng6 33.Nf3 Bf6 34.Ra1 Bd8 35.a5 Nc5 36.Bxc5 Rxc5
37.b4 Rc3 38.Be2 Re3 39.Kf1 Nh4 40.Nxh4 Bxh4 41.b5 f3 42.Bc4 f2 43.Be2 Rc3
44.a6 bxa6 45.bxa6 Rc8 46.a7 Ra8 47.Bb5 Kh6 48.Bc6 Rg8 49.Ke2 Rg1 50.Rf1  1-0

[Event "ch-AUT"]
[Site "Gmunden AUT"]
[Date "2005.08.15"]
[Round "5"]
[White "Hoelzl,F"]
[Black "Weiss,C"]
[Result "1-0"]
[WhiteElo "2363"]
[BlackElo "2429"]

1.Nf3 Nf6 2.c4 g6 3.Nc3 Bg7 4.e4 d6 5.d4 O-O 6.Be2 e5 7.O-O Nc6 8.d5 Ne7
9.Nd2 c5 10.Rb1 b6 11.b4 cxb4 12.Rxb4 Nd7 13.a4 Nc5 14.a5 f5 15.Na4 fxe4
16.axb6 axb6 17.Nxb6 Rb8 18.Nxc8 Rxc8 19.Nb3 Nf5 20.Bg4 Nxb3 21.Qxb3 h5 22.Bxf5 gxf5
23.Qh3 Qe8 24.Rb6 Qg6 25.Ba3 Rf6 26.c5 dxc5 27.d6 Bf8 28.Qb3+ c4 29.d7 Ra8
30.Rb8  1-0

[Event "ch-FRA w"]
[Site "Chartres FRA"]
[Date "2005.08.17"]
[Round "3"]
[White "Collas,S"]
[Black "Lallemand,R"]
[Result "1-0"]
[WhiteElo "2372"]
[BlackElo "2287"]

1.Nf3 Nf6 2.c4 g6 3.Nc3 Bg7 4.e4 d6 5.d4 O-O 6.Be2 e5 7.O-O Nc6 8.d5 Ne7
9.b4 a5 10.bxa5 Rxa5 11.Nd2 c5 12.a4 Ra6 13.Nb5 Nd7 14.Bb2 f5 15.f4 exf4
16.Bxg7 Kxg7 17.Rxf4 g5 18.Rf1 f4 19.Bg4 Ne5 20.Bxc8 Qxc8 21.Ra3 g4 22.Qa1 Ng6
23.Rb3 Rf7 24.Nc3 Qd8 25.Qb1 Ra7 26.Rb6 f3 27.g3 Qg5 28.Rf2 Qe3 29.Qb2 Qxf2+
30.Kxf2 Nd3+ 31.Kf1 Nxb2 32.Rxb2 Ne5 33.Nb5 Rd7 34.Nxa7  1-0

[Event "14th Open"]
[Site "Kavala GRE"]
[Date "2005.08.17"]
[Round "7"]
[White "Drenchev,P"]
[Black "Markovski,V"]
[Result "1-0"]
[WhiteElo "2412"]
[BlackElo "2129"]

1.d4 Nf6 2.Nf3 g6 3.c4 Bg7 4.Nc3 d6 5.e4 O-O 6.Be2 e5 7.O-O Nc6 8.d5 Ne7
9.Nd2 Nd7 10.b4 f5 11.Ba3 Nf6 12.c5 f4 13.Nc4 g5 14.b5 Ne8 15.b6 axb6 16.cxb6 cxb6
17.Bb4 Rf6 18.Nb5 Rh6 19.a4 Bf8 20.a5 Ng6 21.Nxb6 Rb8 22.Bg4 Bxg4 23.Qxg4 Nh8
24.Nd7 Rc8 25.Rfc1 Rxc1+ 26.Rxc1 Qe7 27.Nc7 Rg6 28.Nxe8 Qxe8 29.Nxf8 Rf6
30.Nd7 Rf7 31.Rc8  1-0

[Event "Ada Open"]
[Site "Belgrade SCG"]
[Date "2005.08.20"]
[Round "6"]
[White "Nestorovic,I"]
[Black "Maksimovic,Mir"]
[Result "0-1"]
[WhiteElo "2069"]
[BlackElo "2193"]

1.d4 Nf6 2.c4 g6 3.Nc3 Bg7 4.e4 d6 5.Nf3 O-O 6.Be2 e5 7.O-O Nc6 8.d5 Ne7
9.b4 Nh5 10.Re1 f5 11.Ng5 Nf6 12.f3 h6 13.Ne6 Bxe6 14.dxe6 c6 15.Rb1 Ne8
16.b5 Nc7 17.bxc6 bxc6 18.Ba3 c5 19.Nb5 Nc8 20.e7 Qxe7 21.Nxc7 Qxc7 22.Qd5+ Kh8
23.Rb7 Qa5 24.Bb4 Qa6 25.Bc3 Nb6 26.Qc6 Rac8 27.Rc7 Qa3 28.Bd2 Qxa2 29.Rxc8 Nxc8
30.Rd1 Qb2 31.Kf1 Qc2 32.exf5 gxf5 33.Ba5 Bf6 34.Bc7 Be7 35.Qd7 e4 36.Qe6 Kg7
37.f4 Qb2 38.Bh5 Qf6 39.Qd7 Kh8 40.Rb1 Qh4 41.Be8 e3  0-1

[Event "2nd Dato' Arthur Tan Malaysian Open"]
[Site "Kuala Lumpur MAS"]
[Date "2005.08.21"]
[Round "4"]
[White "Irwanto,S"]
[Black "Jones,B"]
[Result "1-0"]
[WhiteElo "2517"]
[BlackElo "2173"]

1.d4 Nf6 2.c4 g6 3.Nc3 Bg7 4.e4 d6 5.Nf3 O-O 6.Be2 e5 7.O-O Nc6 8.d5 Ne7
9.b4 a5 10.bxa5 Rxa5 11.a4 c5 12.Nd2 Ne8 13.Nb3 Ra6 14.Bd2 f5 15.f3 Nf6 16.Nc1 f4
17.Nd3 g5 18.g4 fxg3 19.hxg3 Qe8 20.Kg2 Qg6 21.Nf2 h6 22.Rh1 Bd7 23.a5 Rfa8
24.Nb5 Ne8 25.Bc3 Kh7 26.Qc2 Ng8 27.Nd1 Bf6 28.Ne3 Bd8 29.Qd2 b6 30.axb6 Rxa1
31.Rxa1 Rxa1 32.b7 Qh5 33.Bxa1 Qh3+ 34.Kf2 Qh2+ 35.Ke1 Qxg3+ 36.Kd1 Qg1+
37.Nf1 Bxb5 38.b8=Q Ba4+ 39.Kc1  1-0

[Event "Rudenko mem"]
[Site "St Petersburg RUS"]
[Date "2005.08.22"]
[Round "3"]
[White "Yugina,M"]
[Black "Bronnikova,E"]
[Result "0-1"]
[WhiteElo "2023"]
[BlackElo "2268"]

1.d4 Nf6 2.Nf3 g6 3.c4 Bg7 4.Nc3 d6 5.e4 O-O 6.Be2 e5 7.O-O Nc6 8.Be3 Ng4
9.Bg5 f6 10.Bc1 Kh8 11.h3 exd4 12.Nb5 d3 13.Qxd3 Nge5 14.Nxe5 fxe5 15.Be3 a6
16.Na3 Be6 17.Rad1 Qe7 18.Nc2 Rad8 19.b4 Qf6 20.Qd2 Qf7 21.Qc3 Ne7 22.a4 c6
23.Bb6 Rd7 24.b5 axb5 25.axb5 d5 26.cxd5 cxd5 27.Qb4 Rc8 28.Ne1 dxe4 29.Rxd7 Bxd7
30.Qxe4 Nd5 31.Ba5 Bf5 32.Qa4 Ra8 33.Bc4 Be6 34.Bxd5 Bxd5 35.b6 Bc4 36.Nd3 Bxd3
37.Rd1 Qd5 38.Qc2 Qxg2+ 39.Kxg2 Bxc2 40.Rd2 Be4+ 41.f3 Bh6 42.fxe4 Bxd2 43.Bxd2 Ra2  0-1

[Event "8th Open"]
[Site "Banyoles ESP"]
[Date "2005.08.23"]
[Round "7"]
[White "Parmentier,X"]
[Black "Bromberger,S"]
[Result "1/2-1/2"]
[WhiteElo "2283"]
[BlackElo "2491"]

1.Nf3 Nf6 2.c4 g6 3.Nc3 Bg7 4.e4 d6 5.d4 O-O 6.Be2 e5 7.O-O Nc6 8.d5 Ne7
9.b4 Nh5 10.Re1 f5 11.Ng5 Nf6 12.Bf3 c6 13.Be3 h6 14.Ne6 Bxe6 15.dxe6 fxe4
16.Nxe4 Nxe4 17.Bxe4 d5 18.cxd5 cxd5 19.Bc5 dxe4 20.Qxd8 Rfxd8 21.Bxe7 Re8
22.Bc5 b6 23.Be3 Rxe6 24.Rec1 Kf8 25.b5 a6 26.Rab1  1/2-1/2

[Event "41st Rubinstein Mem Open A"]
[Site "Polanica Zdroj POL"]
[Date "2005.08.23"]
[Round "5"]
[White "Czakon,J"]
[Black "Kislov,M"]
[Result "1-0"]
[WhiteElo "2461"]
[BlackElo "2351"]

1.d4 Nf6 2.c4 g6 3.Nc3 Bg7 4.e4 d6 5.Nf3 O-O 6.Be2 e5 7.O-O Nc6 8.d5 Ne7
9.b4 a5 10.Ba3 Nh5 11.c5 Nf4 12.b5 b6 13.cxd6 cxd6 14.Nd2 Bb7 15.Nc4 Nc8
16.Rc1 f5 17.Bf3 Ra7 18.Rc2 Ba8 19.Bc1 Raf7 20.Be3 h5 21.Na4 Rb7 22.Kh1 Kh7
23.Rc3 Bh6 24.Qc2 Qe8 25.Rb1 Nxd5 26.exd5 e4 27.Bxh6 Kxh6 28.Be2 Rb8 29.Qd2+ f4
30.Bf1 Rf5 31.Rcc1 Bxd5 32.Nc3 Ba8 33.Nxd6 Nxd6 34.Qxd6 e3 35.f3 Re5 36.Ne2 Rd8
37.Qxb6 Rd2 38.Qc7 Rd7 39.Qc4 g5 40.b6 Bd5 41.Qa4 Qf7 42.Nc3 Bb7 43.Rd1 Rde7
44.Be2 Qf6 45.Qd4 Qg6 46.Bd3  1-0

[Event "Iranian Super League"]
[Site "Iran IRI"]
[Date "2005.08.25"]
[Round "8"]
[White "Kotanjian,T"]
[Black "Mamedov,Nid"]
[Result "1/2-1/2"]
[WhiteElo "2443"]
[BlackElo "2463"]

1.d4 Nf6 2.c4 g6 3.Nc3 Bg7 4.e4 d6 5.Nf3 O-O 6.Be2 e5 7.O-O Nc6 8.d5 Ne7
9.b4 a5 10.Ba3 axb4 11.Bxb4 Nd7 12.a4 Bh6 13.a5 f5 14.Nd2 Kh8 15.Bd3 Ng8
16.Nb5 fxe4 17.Nxe4 Ngf6 18.Ra3 Nxe4 19.Bxe4 Nf6 20.Bf3 Bd7 21.Be2 Rf7 22.c5 Bxb5
23.Bxb5 dxc5 24.Bxc5 Ne4 25.Bb4 Bf8 26.Bxf8 Qxf8 27.Qa1 Rxf2 28.Qxe5+ Kg8
29.Qe6+ Kh8 30.Qe5+ Kg8 31.Qe6+  1/2-1/2

[Event "2nd Dato' Arthur Tan Malaysian Open"]
[Site "Kuala Lumpur MAS"]
[Date "2005.08.26"]
[Round "11"]
[White "Irwanto,S"]
[Black "Mariano,N1"]
[Result "0-1"]
[WhiteElo "2517"]
[BlackElo "2466"]

1.d4 Nf6 2.Nf3 g6 3.c4 Bg7 4.Nc3 O-O 5.e4 d6 6.Be2 e5 7.O-O Nc6 8.d5 Ne7
9.Ne1 Nd7 10.Nd3 f5 11.f3 f4 12.Bd2 g5 13.Rc1 Ng6 14.Nf2 Rf7 15.b4 Bf8 16.Na4 h5
17.c5 Nf6 18.h3 Rg7 19.cxd6 cxd6 20.Nc3 Nh4 21.Nb5 a6 22.Na3 b5 23.Rc3 Bd7
24.Nc2 Rc8 25.Rxc8 Qxc8 26.Be1 Be7 27.Na1 g4 28.fxg4 hxg4 29.hxg4 Nxg4 30.Nxg4 Bxg4
31.Bxh4 Bxh4 32.Bxg4 Rxg4 33.Qc2 Qd8 34.Qc6 Rg7 35.Nb3 Kh7 36.Rf3 Bg3 37.Kf1 Qh4
38.Ke2 Qh1 39.Nd2 Qxg2+ 40.Kd3 Be1  0-1

[Event "2nd Dato' Arthur Tan Malaysian Open"]
[Site "Kuala Lumpur MAS"]
[Date "2005.08.26"]
[Round "11"]
[White "Sales,J"]
[Black "Lim Chuing Hoong"]
[Result "1-0"]
[WhiteElo "2340"]
[BlackElo "2239"]

1.Nf3 Nf6 2.c4 g6 3.Nc3 Bg7 4.e4 d6 5.d4 O-O 6.Be2 e5 7.O-O Nc6 8.d5 Ne7
9.b4 Nh5 10.Re1 f5 11.Ng5 Nf6 12.Bf3 c6 13.Be3 cxd5 14.cxd5 h6 15.Ne6 Bxe6
16.dxe6 fxe4 17.Nxe4 Nxe4 18.Bxe4 d5 19.Bc2 b6 20.Qg4 e4 21.Rad1 Qc7 22.Bb3 Rf5
23.Re2 Qc3 24.Rc2 Qxb4 25.Rc7 h5 26.Qh3 a5 27.Rb7 a4 28.Bc2 Re8 29.Rxb6 Qa5
30.Rb7 Bf6 31.Ra7 Qb5 32.Bxa4 Qe2 33.g4 hxg4 34.Qf1 Qf3 35.Re1 Rh5 36.Bd1 Qf5
37.Qg2 Be5 38.Bxg4 Rxh2 39.Bxf5 Rxg2+ 40.Kxg2 Nxf5  1-0

[Event "Rudenko mem"]
[Site "St Petersburg RUS"]
[Date "2005.08.26"]
[Round "7"]
[White "Yugina,M"]
[Black "Severiukhina,Z"]
[Result "0-1"]
[WhiteElo "2023"]
[BlackElo "2099"]

1.d4 Nf6 2.Nf3 g6 3.c4 Bg7 4.Nc3 O-O 5.e4 d6 6.Be2 e5 7.O-O Nc6 8.dxe5 dxe5
9.Qxd8 Nxd8 10.Nxe5 Nxe4 11.Nxg6 Nxc3 12.Ne7+ Kh8 13.bxc3 Re8 14.Ba3 Bf8
15.Nd5 Bxa3 16.Nxc7 Rxe2 17.Nxa8 Ne6 18.Rfe1 Rc2 19.Re3 b6 20.Rd3 Bc5 21.Rad1 Rxf2
22.Rd4 Rxa2 23.Kf1 Nxd4 24.cxd4 Bd6 25.g3 Ba6 26.Kg1 Bxc4 27.Re1 Bd5 28.Re8+ Kg7
29.Rd8 Rg2+ 30.Kf1 Bxa8 31.Rxa8 Rxh2 32.Rxa7 Bxg3 33.Rb7 Rb2 34.d5 h5  0-1

[Event "13th Open"]
[Site "Nikaia GRE"]
[Date "2005.08.27"]
[Round "6"]
[White "Khurtsilava,I"]
[Black "Georgakopoulos,N"]
[Result "1-0"]
[WhiteElo "2281"]
[BlackElo "2129"]

1.d4 Nf6 2.Nf3 g6 3.c4 Bg7 4.Nc3 O-O 5.e4 d6 6.Be2 e5 7.O-O Nc6 8.d5 Ne7
9.Ne1 Nd7 10.Nd3 f5 11.exf5 gxf5 12.f4 Ng6 13.Be3 Qe7 14.Qd2 Kh8 15.Rae1 a6
16.Bh5 Nxf4 17.Nxf4 exf4 18.Bxf4 Ne5 19.Bg5 Bf6 20.Bxf6+ Qxf6 21.c5 Qh4 22.cxd6 cxd6
23.Bd1 Bd7 24.Rf4 Qh6 25.Qd4 Qg7 26.Re3 Ng6 27.Qxg7+ Kxg7 28.Rb4 b5 29.a4 a5
30.Rd4 b4 31.Nb5 Bxb5 32.axb5 Ne5 33.Rg3+ Kf6 34.Rh4 Rac8 35.Rh6+ Ng6 36.Ba4 Rc1+
37.Kf2 Rb1 38.b6 Rxb2+ 39.Ke1 Ra2 40.Bd7 Rb8 41.Rxh7 Rxb6 42.Rh5 Ne7 43.Rh6+ Ke5
44.Re6+ Kd4 45.Rxe7 b3 46.Bxf5 b2 47.Rd3+ Kc4 48.Rc7+ Kb4 49.Rd4+ Ka3 50.Bb1 Ra1
51.Rd1 a4 52.Kd2 Rb8 53.Kc2 Rb3 54.Rd4 Rxb1  1-0

[Event "Premiership International"]
[Site "Coulsdon ENG"]
[Date "2005.09.02"]
[Round "8"]
[White "Szuhanek,R"]
[Black "Snape,I"]
[Result "1/2-1/2"]
[WhiteElo "2444"]
[BlackElo "2267"]

1.Nf3 Nf6 2.c4 g6 3.Nc3 Bg7 4.e4 d6 5.d4 O-O 6.Be2 e5 7.O-O Nc6 8.d5 Ne7
9.b4 Nh5 10.Re1 f5 11.Ng5 Bf6 12.Bf3 c6 13.b5 cxd5 14.cxd5 h6 15.Ne6 Bxe6
16.dxe6 Re8 17.Qb3 d5 18.exd5 e4 19.d6 Qxd6 20.Ba3  1/2-1/2

[Event "Paul Keres Mem B"]
[Site "Tallinn EST"]
[Date "2005.09.03"]
[Round "8"]
[White "Narva,J"]
[Black "Shlykov,V"]
[Result "1-0"]
[WhiteElo "2300"]
[BlackElo "2213"]

1.Nf3 g6 2.c4 Bg7 3.Nc3 d6 4.d4 Nf6 5.e4 O-O 6.Be2 e5 7.O-O Nc6 8.d5 Ne7
9.Ne1 Ne8 10.f3 f5 11.g4 Kh8 12.Ng2 Ng8 13.h4 Bh6 14.exf5 Bxc1 15.Rxc1 gxf5
16.g5 f4 17.Bd3 Ng7 18.Qc2 h6 19.Ne4 Bh3 20.Kh2 Bxg2 21.Qxg2 Nf5 22.Qh3 Nd4
23.Rf2 b6 24.Rg1 Qc8 25.Qg4 Qxg4 26.fxg4 hxg5 27.Nxg5 Nf6 28.Kh3 Kg7 29.h5 Kh6
30.Kh4 Rg8 31.Nh3 Nh7 32.g5+ Nxg5 33.Nxg5 Rg7 34.Bg6 Rf8 35.Ne6 Nxe6 36.dxe6 e4
37.Rg4 Rf6 38.Rgxf4 Rxe6 39.Bxe4 Rge7 40.Bd5  1-0

[Event "TCh-POL Ekstraliga"]
[Site "Lubniewice POL"]
[Date "2005.09.09"]
[Round "7"]
[White "Jakubiec,A"]
[Black "Czerwonski,A"]
[Result "0-1"]
[WhiteElo "2538"]
[BlackElo "2387"]

1.d4 Nf6 2.c4 g6 3.Nf3 Bg7 4.Nc3 O-O 5.e4 d6 6.Be2 e5 7.O-O Nc6 8.d5 Ne7
9.b4 Nh5 10.c5 Nf4 11.Bxf4 exf4 12.Rc1 h6 13.Nd4 a5 14.bxa5 Rxa5 15.Nb3 Ra8
16.Qd2 g5 17.cxd6 cxd6 18.Nb5 Ng6 19.Rc7 g4 20.Rxc8 Rxc8 21.Bxg4 Ra8 22.Bf5 Qb6
23.N5d4 Ra4 24.Bxg6 Bxd4 25.Bf5 Be5 26.g3 Rfa8 27.gxf4 Rxa2 28.Qd1 Bg7 29.e5 dxe5
30.d6 e4 31.d7 Rd8 32.Nc1 Ra1 33.Qc2 Qc6 34.Qd2 Qb5 35.Bh3 Ra3 36.f3 exf3
37.Kh1 f2 38.Bg2 Rxd7 39.Qxf2 Ra1 40.f5 Bf6 41.Qe3 Rc7 42.Qxh6 Bg7 43.Qd2 Qxf1+
44.Bxf1 Rcxc1 45.Qd8+ Kh7 46.Qh4+ Bh6 47.Qf6 Rxf1+ 48.Kg2 Rg1+ 49.Kf2 Raf1+
50.Ke2 Rf4 51.Qxf7+ Rg7 52.Qe6 Bg5 53.Kd3 b5 54.Kc3 Bh4 55.Kb3 b4 56.Qe5 Rf3+
57.Kxb4 Rf7 58.f6 Bxf6 59.Qh5+ Kg8 60.Kc4 Rc7+ 61.Kd5 Rd3+ 62.Ke4 Rd4+ 63.Kf3 Rf7
64.Qg6+ Bg7+ 65.Ke3 Rd8 66.Qc6 Bf6 67.Qb5 Bd4+ 68.Ke4 Re7+ 69.Kd3 Ba7+  0-1

[Event "ch-NED w"]
[Site "Leeuwarden NED"]
[Date "2005.09.12"]
[Round "6"]
[White "Schuurman,P"]
[Black "Peng Zhaoqin"]
[Result "0-1"]
[WhiteElo "2266"]
[BlackElo "2405"]

1.Nf3 Nf6 2.c4 g6 3.Nc3 Bg7 4.e4 d6 5.d4 O-O 6.Be2 e5 7.O-O Nc6 8.d5 Ne7
9.b4 Nh5 10.Re1 h6 11.c5 f5 12.Nd2 Nf4 13.Bf1 g5 14.Ba3 g4 15.cxd6 cxd6 16.b5 Rf6
17.Nc4 Bf8 18.Qb3 Kh8 19.Ne3 Rg6 20.Qc2 fxe4 21.Nxe4 Nf5 22.Bb2 Bg7 23.Nxf5 Bxf5
24.Qd2 Bxe4 25.Rxe4 Qg5 26.Rd1 Qf5 27.Re3 Rf8 28.Bd3 Nxd3 29.Rxd3 h5 30.Rf1 Bh6
31.Qe2 Qf7 32.Bc1 Bxc1 33.Rxc1 Rf6 34.Rd2 Rf4 35.Qe3 b6 36.Rcc2 Kg7 37.g3 Rb4
38.Rc6 Rb1+ 39.Kg2 Qf3+ 40.Qxf3 gxf3+ 41.Kh3 e4 42.Rc3 Re1 43.Rcc2 Kg6 44.Kh4 Rf5
45.h3 Rg5 46.g4 hxg4 47.Rc8 gxh3  0-1

[Event "ch-Arab"]
[Site "Dubai UAE"]
[Date "2005.09.15"]
[Round "4"]
[White "Ayyad,M"]
[Black "Khader,S"]
[Result "1/2-1/2"]
[WhiteElo "2074"]
[BlackElo "2396"]

1.d4 Nf6 2.Nf3 g6 3.c4 Bg7 4.Nc3 O-O 5.e4 d6 6.Be2 e5 7.O-O Nc6 8.d5 Ne7
9.b4 Nh5 10.Re1 a5 11.bxa5 Rxa5 12.a4 b6 13.Bd2 Nf4 14.Bf1 f5 15.Bxf4 exf4
16.e5 g5 17.exd6 cxd6 18.Nd4 g4 19.Ra3 Be5 20.Ncb5 Rf6 21.Nc6 Nxc6 22.dxc6 Qe7
23.Rd3 Ra8 24.a5 Rxa5 25.Nxd6 Rxd6 26.Rxd6 Qxd6 27.Qxd6 Bxd6 28.Re8+ Kf7
29.Rxc8 Rc5 30.Bd3 Kf6 31.Kf1 f3 32.gxf3 gxf3 33.Ke1 Bxh2 34.Rh8 Kg7 35.Rd8 Bf4
36.Rd5 Rxd5 37.cxd5 Kf6 38.Kd1 Bc7 39.Kd2 Kg5 40.Kc3 h5 41.Kc4 h4 42.Bf1 Kf4
43.Bh3 Ke5 44.Bf1 Bd8 45.Bh3 Bc7 46.Bf1 b5+ 47.Kxb5 Kxd5 48.Bh3 Ke4 49.Kc4 Ke5
50.Kc5 Bd6+ 51.Kb6 Ke4 52.c7 Bxc7+ 53.Kxc7 Kd3 54.Kd6 Ke2 55.Ke5 Kxf2 56.Kf4 Ke2
57.Kxf5 f2 58.Kg4  1/2-1/2

[Event "ProMoPro Open"]
[Site "Prague CZE"]
[Date "2005.09.19"]
[Round "5"]
[White "Ruzyak,P"]
[Black "Hodovsky,J"]
[Result "1/2-1/2"]
[WhiteElo "1913"]
[BlackElo "2103"]

1.d4 Nf6 2.c4 g6 3.Nc3 Bg7 4.e4 d6 5.Nf3 O-O 6.Be2 e5 7.O-O Nc6 8.d5 Ne7
9.Ne1 Nd7 10.Be3 f5 11.f3 f4 12.Bf2 g5 13.a4 a5 14.Nd3 b6 15.b4 axb4 16.Nxb4 Nf6
17.Nd3 Kh8 18.Nc1 Rg8 19.Nb3 h5 20.a5 bxa5 21.Nxa5 c5 22.Nc6 Rxa1 23.Nxd8 Rxd1
24.Nf7+ Kh7 25.Rxd1 Ne8 26.Nxg5+ Kg6 27.Nh3 Bf6 28.Be1 Bxh3 29.gxh3 Kf7+
30.Kf1 Ng6 31.Nb5 Nh4 32.Bxh4 Bxh4 33.Ra1 Be7 34.Ra7 Kf6 35.Ra8 Kf7 36.Bd1 Nf6
37.Ra7  1/2-1/2

[Event "4th Kesarovski - Georgiev Memorial"]
[Site "Sunny Beach BUL"]
[Date "2005.09.19"]
[Round "4"]
[White "Nikolov,Sas"]
[Black "Bonev,T"]
[Result "0-1"]
[WhiteElo "2400"]
[BlackElo "2234"]

1.d4 Nf6 2.c4 g6 3.Nc3 Bg7 4.e4 d6 5.Nf3 O-O 6.Be2 e5 7.O-O Nc6 8.d5 Ne7
9.Nd2 Nd7 10.b4 f5 11.c5 Nf6 12.f3 f4 13.Nc4 g5 14.a4 Ng6 15.Ba3 Rf7 16.b5 dxc5
17.Bxc5 h5 18.a5 g4 19.b6 g3 20.Nb5 Nd7 21.Nxc7 Qh4 22.h3 Nxc5 23.Nxa8 Bxh3
24.gxh3 Qxh3 25.Rf2 gxf2+ 26.Kxf2 Qg3+ 27.Kf1 Bf6 28.Ra2 Nh4 29.Bd3 Qh3+  0-1

[Event "EYg16"]
[Site "Herceg Novi SCG"]
[Date "2005.09.21"]
[Round "7"]
[White "Nawrot,A"]
[Black "Dincel,M"]
[Result "1-0"]
[WhiteElo "1980"]
[BlackElo "1848"]

1.d4 Nf6 2.c4 g6 3.Nc3 Bg7 4.e4 d6 5.Nf3 O-O 6.Be2 e5 7.O-O Nc6 8.d5 Ne7
9.b4 Nh5 10.Re1 h6 11.c5 Nf4 12.Bf1 f5 13.cxd6 cxd6 14.Nd2 fxe4 15.Ndxe4 Nf5
16.g3 Nh5 17.Bg2 Nf6 18.Ba3 Nxe4 19.Nxe4 Rf7 20.Rc1 Nd4 21.Bb2 Bf5 22.Bxd4 exd4
23.Qd2 Bxe4 24.Bxe4 Qf6 25.f3 Re8 26.Qd3 Kh7 27.Bxg6+ Qxg6 28.Qxg6+ Kxg6
29.Rxe8 Rxf3 30.Re6+ Rf6 31.Rxf6+ Bxf6 32.Rc7 d3 33.Kf1 Kf5 34.Rxb7 Bd4 35.Re7  1-0

[Event "EYg16"]
[Site "Herceg Novi SCG"]
[Date "2005.09.21"]
[Round "7"]
[White "Kublashvili,E"]
[Black "Ignacz,M"]
[Result "1-0"]
[WhiteElo "2077"]
[BlackElo "2265"]

1.d4 Nf6 2.c4 g6 3.Nc3 Bg7 4.e4 d6 5.Nf3 O-O 6.Be2 e5 7.O-O Nc6 8.d5 Ne7
9.Ne1 Ne8 10.Nd3 f5 11.Bd2 Nf6 12.f3 f4 13.c5 h5 14.Rc1 g5 15.cxd6 cxd6 16.Nf2 Ng6
17.Nb5 Ne8 18.Qc2 Bd7 19.Qb3 a6 20.Na3 b5 21.Nc2 Nf6 22.h3 Qb6 23.Kh1 Kf7
24.Nb4 g4 25.Nc6 g3 26.Ba5 Qb7 27.Nd3 Kg8 28.Qb4 Bxh3 29.Qxd6 Nh4 30.Ne1 Ne8
31.Qe7 Qxe7 32.Nxe7+ Kf7 33.gxh3 Kxe7 34.Bb4+ Kd7 35.Bxf8 Bxf8 36.Ng2 Ng6
37.Rc2 Bd6 38.Rfc1 Ne7 39.Ne1 Nf6 40.Bf1 Rg8 41.Nd3 Ng6 42.Nc5+ Ke7 43.Nb7 Nxe4
44.fxe4 f3 45.Nxd6 Kxd6 46.Rc6+ Ke7 47.d6+ Kd7 48.Rc7+ Ke6 49.d7 g2+ 50.Bxg2 fxg2+
51.Kxg2 Ne7+ 52.Kf3 Rf8+ 53.Ke3 Rd8 54.Ra7  1-0

[Event "ProMoPro Open"]
[Site "Prague CZE"]
[Date "2005.09.22"]
[Round "8"]
[White "Mazoch,J"]
[Black "Nemcova,Kr"]
[Result "1-0"]
[WhiteElo "2111"]
[BlackElo "2009"]

1.d4 Nf6 2.Nf3 g6 3.c4 Bg7 4.Nc3 O-O 5.e4 d6 6.Be2 e5 7.O-O Nc6 8.d5 Ne7
9.Ne1 Nd7 10.Nd3 f5 11.Bd2 a5 12.Rc1 b6 13.f3 f4 14.g4 fxg3 15.hxg3 Nc5 16.Kg2 h6
17.Rh1 g5 18.Nf2 Ng6 19.Qg1 Qf6 20.Rf1 Rf7 21.Ncd1 Bf8 22.Qh2 Rh7 23.Qh5 Qg7
24.Ne3 Qf7 25.Nfg4 Bd7 26.Rf2 Nh4+ 27.gxh4 Qg7 28.hxg5  1-0

[Event "EYb14"]
[Site "Herceg Novi SCG"]
[Date "2005.09.23"]
[Round "9"]
[White "Leniart,A"]
[Black "Ponizil,C"]
[Result "0-1"]
[WhiteElo "2269"]
[BlackElo "2152"]

1.d4 Nf6 2.c4 g6 3.Nc3 Bg7 4.e4 d6 5.Be2 O-O 6.Nf3 e5 7.O-O Nc6 8.d5 Ne7
9.b4 a5 10.bxa5 c5 11.dxc6 Nxc6 12.Be3 Qxa5 13.Qb3 Nd7 14.Nb5 Nc5 15.Qb1 f5
16.Nxd6 Nd4 17.Bxd4 exd4 18.Bd3 Qa3 19.Nxc8 Nxd3 20.Nb6 fxe4 21.Ng5 Rae8
22.Qb3 Qxb3 23.axb3 e3 24.fxe3 dxe3 25.Rae1 Nxe1 26.Rxe1 e2 27.Nf3 Bc3 28.Nd5 Bxe1
29.Nxe1 Rf1+  0-1

[Event "2nd Highlands Open A"]
[Site "Havlickuv Brod CZE"]
[Date "2005.09.25"]
[Round "2"]
[White "Polak,T"]
[Black "Jedlicka,A"]
[Result "1-0"]
[WhiteElo "2493"]
[BlackElo "2288"]

1.d4 Nf6 2.c4 g6 3.Nc3 Bg7 4.e4 d6 5.Nf3 O-O 6.Be2 e5 7.O-O Nc6 8.d5 Ne7
9.b4 Nh5 10.Re1 f5 11.Ng5 Nf6 12.Bf3 c6 13.b5 cxd5 14.cxd5 h6 15.Ne6 Bxe6
16.dxe6 fxe4 17.Bxe4 Nxe4 18.Nxe4 d5 19.Ba3 dxe4 20.Qxd8 Rfxd8 21.Bxe7 Re8
22.Bc5 Rxe6 23.Rxe4 a6 24.Ra4 Rc8 25.Be3 Rc2 26.Rb1 axb5 27.Ra8+ Kh7 28.Rxb5 Re7
29.g4 e4 30.h3 Rb2 31.Rxb2 Bxb2 32.Kf1 g5 33.Ke2 Kg7 34.Ra5 Rc7 35.Ra4 Bf6
36.Kd1 Rd7+ 37.Kc2 Rc7+ 38.Kb3 Rc3+ 39.Kb4 Rc2 40.Kb5 Kg6 41.Kb6 Rb2+ 42.Kc5 b5
43.Ra6 Rc2+ 44.Kxb5 Kg7 45.a4  1-0

[Event "Autumn 4"]
[Site "Alushta UKR"]
[Date "2005.09.29"]
[Round "7"]
[White "Truskavetsky,A"]
[Black "Bogner,S"]
[Result "1-0"]
[WhiteElo "2399"]
[BlackElo "2361"]

1.d4 Nf6 2.c4 g6 3.Nc3 Bg7 4.e4 d6 5.Nf3 O-O 6.Be2 e5 7.O-O Nc6 8.d5 Ne7
9.b4 Nh5 10.Re1 a5 11.bxa5 Rxa5 12.a4 Ra8 13.Ba3 b6 14.Bb4 Nf4 15.a5 bxa5
16.Bxa5 f5 17.Bf1 fxe4 18.Nxe4 Bg4 19.Qb3 Rb8 20.Qa3 Nf5 21.h3 Bxf3 22.Qxf3 Nd4
23.Qd1 Qd7 24.Bc3 Kh8 25.Ra7 Ra8 26.Rxa8 Rxa8 27.Bxd4 exd4 28.Ng5 Bf6 29.Nf3 d3
30.Bxd3 Ra3 31.Bf1 Qf5 32.Re3 Rxe3 33.fxe3 Nh5 34.g4 Qe4 35.gxh5 Qxe3+ 36.Kg2  1-0

[Event "Belgrade Premier League"]
[Site "Belgrade SCG"]
[Date "2005.10.01"]
[Round "1"]
[White "Brkljaca,A"]
[Black "Stosic,S"]
[Result "1/2-1/2"]
[WhiteElo "2377"]
[BlackElo "2196"]

1.d4 Nf6 2.Nf3 g6 3.c4 Bg7 4.Nc3 O-O 5.e4 d6 6.Be2 e5 7.O-O Nc6 8.d5 Ne7
9.Ne1 Nd7 10.Nd3 f5 11.f3 f4 12.Bd2 g5 13.Rc1 Ng6 14.Nb5 a6 15.Na3 Rf7 16.b4 Bf8
17.c5 Nf6 18.h3  1/2-1/2

[Event "Open A"]
[Site "Hamburg GER"]
[Date "2005.10.01"]
[Round "1"]
[White "Schmidt Brauns,R"]
[Black "Dembo,Y"]
[Result "0-1"]
[WhiteElo "2053"]
[BlackElo "2441"]

1.d4 Nf6 2.c4 g6 3.Nc3 Bg7 4.e4 d6 5.Be2 O-O 6.Nf3 e5 7.O-O Nc6 8.d5 Ne7
9.Nd2 a5 10.Rb1 Bd7 11.b3 Ne8 12.a3 f5 13.f3 Bh6 14.b4 axb4 15.axb4 Be3+
16.Kh1 f4 17.Nb3 Bxc1 18.Rxc1 Nf6 19.c5 Nh5 20.Re1 Nc8 21.Nb5 Ra2 22.Rc2 Ng3+
23.hxg3 fxg3 24.Kg1 Qh4 25.Bc4 Qh2+ 26.Kf1 Qh1+ 27.Ke2 Qxg2+  0-1

[Event "Open A"]
[Site "Hamburg GER"]
[Date "2005.10.04"]
[Round "4"]
[White "Christ,R"]
[Black "Kjetzae,J"]
[Result "1-0"]
[WhiteElo "2314"]
[BlackElo "2092"]

1.Nf3 Nf6 2.c4 g6 3.Nc3 Bg7 4.e4 d6 5.d4 O-O 6.Be2 e5 7.O-O Nc6 8.d5 Ne7
9.b4 Nh5 10.Re1 a5 11.bxa5 Rxa5 12.Nd2 Nf4 13.Bf1 c5 14.dxc6 bxc6 15.Nb3 Ra8
16.a4 f5 17.Ra2 Ne6 18.exf5 gxf5 19.Rd2 e4 20.Bb2 Qc7 21.Rxd6 Rb8 22.c5 Nxc5
23.Bc4+ Kh8 24.Rh6 Nd5 25.Bxd5 cxd5 26.Nxd5 Rxb3 27.Nxc7 Rxb2 28.Rh3 Ra2
29.Qh5 h6 30.Ne8 Ne6 31.Nxg7 Kxg7 32.Qxh6+ Kf7 33.Qh7+ Ke8 34.Rc3 Bd7 35.Rd1 Nd4
36.Qh5+ Ke7 37.Rxd4 Rb8 38.Qh7+ Kf6 39.Qxd7 Rb1+ 40.Rd1  1-0